[Event "Mittelfrankenliga 05/06 (B1)"]
[Site "Mfr.2005/06-R1"]
[Date "2005.10.16"]
[Round "1.7"]
[White "Pannek, Matthias"]
[Black "Kollitz, Carsten"]
[Result "1-0"]
[WhiteElo "1953"]
[BlackElo "1718"]
[Annotator "Cadolzburg1-Nbg.1911/1"]
[PlyCount "109"]
[EventDate "2005.10.16"]
[SourceDate "2005.10.17"]

1. Nc3 e5 2. e4 Nc6 3. f4 d6 4. Bc4 Be7 5. d3 Nf6 6. Nf3 exf4 7. Bxf4 Be6 8.
Bxe6 fxe6 9. O-O Qd7 10. Qe2 e5 11. Be3 d5 12. exd5 Nxd5 13. Nxd5 Qxd5 14. Kh1
O-O-O 15. Bg5 Rde8 16. Bxe7 Rxe7 17. Ng5 Nd4 18. Qd2 Qb5 19. b3 Qe8 20. Rae1
Qh5 21. c3 Nc6 22. Re4 Rd8 23. Nf3 Red7 24. Ne1 Rd6 25. Rf3 Qe8 26. a4 Qg6 27.
Qe2 Qe6 28. b4 Re8 29. b5 Nd8 30. Rfe3 Nf7 31. c4 Rd7 32. d4 Red8 33. Nf3 Qg6
34. d5 h6 35. Nxe5 Nxe5 36. Rxe5 Qb1+ 37. Qe1 Qc2 38. Re8 Qxc4 39. Rxd8+ Rxd8
40. Re5 Qxa4 41. d6 cxd6 42. Rd5 Kd7 43. h3 Qf4 44. Qa1 Qf7 45. Qd4 Ke6 46.
Qe4+ Kd7 47. Rf5 Qe7 48. Qxb7+ Ke8 49. Qf3 Qe6 50. Qg4 Qg8 51. Rf2 Rd7 52. Qe4+
Re7 53. Qa8+ Kd7 54. Qxg8 Re1+ 55. Kh2 1-0

[Event "Mittelfrankenliga 05/06 (B1)"]
[Site "Mfr.2005/06-R1"]
[Date "2005.10.16"]
[Round "1.8"]
[White "Russau, Andreas"]
[Black "Goetz, Dieter[65]"]
[Result "0-1"]
[WhiteElo "1528"]
[BlackElo "1872"]
[Annotator "Cadolzburg1-Nbg.1911/1"]
[PlyCount "98"]
[EventDate "2005.10.16"]
[SourceDate "2005.10.17"]

1. e4 d6 2. d4 Nf6 3. Nc3 c6 4. f4 Qa5 5. Bd3 e5 6. dxe5 dxe5 7. f5 b5 8. Bd2
Qb6 9. Qe2 Nbd7 10. Be3 Bc5 11. Bxc5 Qxc5 12. Nd1 a6 13. a3 Bb7 14. Nf3 Rc8 15.
b4 Qb6 16. Qe3 Qxe3+ 17. Nxe3 c5 18. bxc5 Rxc5 19. Nd2 O-O 20. O-O Rc3 21. Nd1
Rc7 22. Nf2 Nc5 23. Nf3 Re8 24. Rfe1 Na4 25. g4 h6 26. h4 Nc3 27. g5 hxg5 28.
hxg5 Nh5 29. Ng4 f6 30. g6 Nf4 31. Kf2 Rec8 32. Re3 Na4 33. Rd1 Rd7 34. Ne1 Nb2
35. Rc1 Rcc7 36. Rb1 Nbxd3+ 37. cxd3 Rc3 38. a4 Bc6 39. Rd1 b4 40. Kf3 Bxa4 41.
Rd2 Rd4 42. Nf2 b3 43. Rb2 Rc1 44. Kg4 Kf8 45. Nh3 Nxh3 46. Kxh3 Rc3 47. Ree2
Bb5 48. Kg4 Bxd3 49. Rh2 Rxe4+ 0-1

[Event "Mittelfrankenliga 05/06 (B1)"]
[Site "Mfr.2005/06-R1"]
[Date "2005.10.16"]
[Round "1.1"]
[White "Erlbeck, Peter"]
[Black "Schneider, David[90]"]
[Result "0-1"]
[WhiteElo "2012"]
[BlackElo "2191"]
[Annotator "Großenseebach1-SWNbg2"]
[PlyCount "116"]
[EventDate "2005.10.16"]
[SourceDate "2005.10.17"]

1. e4 c5 2. Nc3 Nc6 3. f4 e6 4. Nf3 d6 5. Bb5 Bd7 6. d3 a6 7. Ba4 b5 8. Bb3 Na5
9. O-O Ne7 10. Qe1 g6 11. f5 gxf5 12. Ng5 Nxb3 13. axb3 h6 14. Nh3 b4 15. Nd1
e5 16. exf5 Bxf5 17. Qh4 Bg7 18. Ne3 Be6 19. Qh5 Qd7 20. Nf2 Kd8 21. Ne4 f5 22.
Nf2 Kc7 23. c3 a5 24. Nc4 a4 25. cxb4 cxb4 26. Be3 Bxc4 27. bxc4 Nc6 28. Qd1 b3
29. Qe2 Rhb8 30. Nd1 Nb4 31. Nc3 Ra5 32. Rad1 Nc2 33. Nd5+ Rxd5 34. cxd5 f4 35.
Bd2 Qf5 36. Qe4 Qxe4 37. dxe4 a3 38. bxa3 Nxa3 39. Bc3 b2 40. Bxb2 Rxb2 41. Ra1
Nb5 42. Ra8 Nd4 43. Ra7+ Rb7 44. Rc1+ Kb8 45. Rxb7+ Kxb7 46. Kf2 Bf6 47. g3
fxg3+ 48. hxg3 Bg5 49. Rc4 Kb6 50. Rc8 Kb5 51. Rc7 Nb3 52. Ke2 Nc5 53. Kf3 Kc4
54. Ra7 Nb3 55. Ra4+ Kb5 56. Ra3 Nd2+ 57. Kg4 Nxe4 58. Kf5 Nc5 0-1

[Event "Mittelfrankenliga 05/06 (B1)"]
[Site "Mfr.2005/06-R1"]
[Date "2005.10.16"]
[Round "1.2"]
[White "Suess, Stefan[87]"]
[Black "Woerl, Richard"]
[Result "1/2-1/2"]
[WhiteElo "1867"]
[BlackElo "1946"]
[Annotator "Großenseebach1-SWNbg2"]
[PlyCount "86"]
[EventDate "2005.10.16"]
[SourceDate "2005.10.17"]

1. e4 c5 2. Nf3 Nc6 3. d4 cxd4 4. Nxd4 e5 5. Nb5 d6 6. N1c3 a6 7. Na3 b5 8. Nd5
Be7 9. Bd3 Nf6 10. Nxe7 Qxe7 11. O-O O-O 12. c3 Be6 13. Qf3 Nd7 14. Rd1 Nc5 15.
Bf1 Qd7 16. Qe2 f5 17. exf5 Bxf5 18. Be3 Ne6 19. Qd2 Qb7 20. Bd3 e4 21. Be2
Rad8 22. Nc2 Ne5 23. Qd5 Qf7 24. Nd4 Nxd4 25. Qxf7+ Kxf7 26. Rxd4 d5 27. a4 Nc4
28. b3 Na5 29. Ra3 Nc6 30. Rd1 b4 31. cxb4 d4 32. Bg5 d3 33. Bf1 Rd5 34. Bd2
Nd4 35. Be3 Nc2 36. Ra2 Nxb4 37. Rad2 Rc8 38. f3 Nc2 39. fxe4 Nxe3 40. exd5
Nxd1 41. Rxd1 Rc3 42. b4 Ke7 43. Kf2 Rb3 1/2-1/2

[Event "Mittelfrankenliga 05/06 (B1)"]
[Site "Mfr.2005/06-R1"]
[Date "2005.10.16"]
[Round "1.3"]
[White "Schuster, Norbert[59]"]
[Black "Seyb, Dieter"]
[Result "0-1"]
[WhiteElo "1960"]
[BlackElo "2219"]
[Annotator "Großenseebach1-SWNbg2"]
[PlyCount "98"]
[EventDate "2005.10.16"]
[SourceDate "2005.10.17"]

1. d4 g6 2. e4 Bg7 3. c3 d5 4. e5 c5 5. Be3 Nc6 6. Qd2 h5 7. f4 cxd4 8. cxd4
Nh6 9. Nf3 Bg4 10. Nh4 e6 11. Bf2 Nf5 12. Nxf5 Bxf5 13. h4 Bf8 14. Bb5 Qb6 15.
Nc3 Rc8 16. a3 a6 17. Bxc6+ Rxc6 18. Rc1 Be7 19. O-O O-O 20. Na4 Qc7 21. Nc5
Rc8 22. Rc3 b6 23. Nxa6 Rxc3 24. Nxc7 R3xc7 25. Qe2 Rc2 26. Qb5 Be4 27. Re1 Rd2
28. Rxe4 dxe4 29. Qd7 Rc1+ 30. Kh2 Rxf2 31. Qxe7 Rxf4 32. d5 e3 33. d6 e2 34.
d7 Rh1+ 35. Kg3 e1=Q+ 36. Kxf4 Rxh4+ 37. Kf3 Qe4+ 38. Kf2 Rf4+ 39. Kg1 Qe1+ 40.
Kh2 Rh4+ 41. Qxh4 Qxh4+ 42. Kg1 Qd4+ 43. Kf1 Qxd7 44. Kf2 Qd3 45. g3 g5 46. b4
g4 47. Kg2 Qe2+ 48. Kg1 h4 49. gxh4 g3 0-1

[Event "Mittelfrankenliga 05/06 (B1)"]
[Site "Mfr.2005/06-R1"]
[Date "2005.10.16"]
[Round "1.4"]
[White "Borel, Markus"]
[Black "Werner, Andreas[68]"]
[Result "1/2-1/2"]
[WhiteElo "1958"]
[BlackElo "1938"]
[Annotator "Großenseebach1-SWNbg2"]
[PlyCount "82"]
[EventDate "2005.10.16"]
[SourceDate "2005.10.17"]

1. e4 e5 2. Nf3 d6 3. d4 exd4 4. Nxd4 Nf6 5. Nc3 Be7 6. Be2 O-O 7. Be3 Bd7 8.
f3 Nc6 9. Qd2 a6 10. g4 Nxd4 11. Bxd4 Bc6 12. g5 Nd7 13. h4 b5 14. O-O-O b4 15.
Nd5 Bxd5 16. exd5 a5 17. Rdg1 Nb6 18. h5 Re8 19. Bb5 Bf8 20. Bxe8 Qxe8 21. Bxb6
cxb6 22. Qd3 Qe5 23. Qd2 Rc8 24. f4 Qf5 25. Kb1 a4 26. Rg3 Rc4 27. Rf1 Rc5 28.
Rd3 b3 29. axb3 axb3 30. Rxb3 Rxd5 31. Rd3 Rc5 32. Rf2 Qg4 33. Qe2 Qd7 34. Qd1
Ra5 35. Rff3 d5 36. c4 Qa7 37. Qb3 dxc4 38. Qxc4 Rc5 39. Qb3 Ra5 40. Rc3 Ra1+
41. Kc2 Rh1 1/2-1/2

[Event "Mittelfrankenliga 05/06 (B1)"]
[Site "Mfr.2005/06-R1"]
[Date "2005.10.16"]
[Round "1.5"]
[White "Luther, Helmut"]
[Black "Seyb, Alexander"]
[Result "0-1"]
[WhiteElo "1907"]
[BlackElo "2031"]
[Annotator "Großenseebach1-SWNbg2"]
[PlyCount "94"]
[EventDate "2005.10.16"]
[SourceDate "2005.10.17"]

1. d4 Nf6 2. c4 e6 3. Nf3 b6 4. g3 Ba6 5. b3 b5 6. cxb5 Bxb5 7. Bg2 d5 8. O-O
Nbd7 9. Nc3 Ba6 10. Bb2 Be7 11. Ne5 Nxe5 12. dxe5 Nd7 13. Nxd5 exd5 14. Qxd5
Rb8 15. e6 fxe6 16. Qxe6 Rb6 17. Bc6 Bb5 18. Qxd7+ Qxd7 19. Bxd7+ Kxd7 20.
Rfd1+ Kc8 21. Bxg7 Rg8 22. Bd4 Bxe2 23. Bxb6 Bxd1 24. Bxa7 Bf3 25. Be3 Ba3 26.
h3 Rd8 27. Kh2 Rd1 28. Rxd1 Bxd1 29. f4 Kd7 30. g4 h5 31. Kg3 hxg4 32. hxg4 Bc2
33. f5 Bb1 34. Kf4 Bxa2 35. Kg5 Bxb3 36. Kg6 Ke8 37. f6 Kf8 38. Bh6+ Kg8 39.
Bf4 Bc2+ 40. Kh5 Bd6 41. Bc1 Kf7 42. g5 Bf5 43. Bb2 c5 44. Ba3 Bf8 45. Kh4 c4
46. Bc1 Bd6 47. Bb2 Kg6 0-1

[Event "Mittelfrankenliga 05/06 (B1)"]
[Site "Mfr.2005/06-R1"]
[Date "2005.10.16"]
[Round "1.6"]
[White "Linsenmeyer, Mario"]
[Black "Siptitz, Friedrich,Dr."]
[Result "1-0"]
[WhiteElo "1950"]
[BlackElo "1949"]
[Annotator "Großenseebach1-SWNbg2"]
[PlyCount "83"]
[EventDate "2005.10.16"]
[SourceDate "2005.10.17"]

1. e4 g6 2. d4 d6 3. Nc3 Bg7 4. f4 Nd7 5. Nf3 c6 6. Be2 Qc7 7. O-O e6 8. Be3
Ne7 9. Kh1 f5 10. e5 d5 11. Na4 b6 12. Qe1 Bb7 13. Bd2 c5 14. dxc5 bxc5 15. b4
c4 16. Nd4 Kf7 17. Nb5 Qb8 18. Nd6+ Kg8 19. Qh4 Kf8 20. Be3 Bc8 21. Nc5 Nb6 22.
a4 d4 23. Bxd4 Nbd5 24. Bxc4 Qc7 25. Ba6 Bd7 26. Bb5 Bc8 27. Nxc8 Qxc8 28. Bd7
Qb8 29. Nxe6+ Kg8 30. Bc5 Qb7 31. Bb5 h6 32. c4 g5 33. fxg5 Ng6 34. Qf2 Nc3 35.
Qxf5 Nh4 36. Qf2 hxg5 37. Nxg7 Ne4 38. Qc2 Ng3+ 39. Kg1 Qxg7 40. hxg3 Ng6 41.
Bc6 Rd8 42. Bd5+ 1-0

[Event "Mittelfrankenliga 05/06 (B1)"]
[Site "Mfr.2005/06-R1"]
[Date "2005.10.16"]
[Round "1.7"]
[White "Thuerauf, Peter"]
[Black "Rosin, Ralf"]
[Result "0-1"]
[WhiteElo "1863"]
[BlackElo "1961"]
[Annotator "Großenseebach1-SWNbg2"]
[PlyCount "80"]
[EventDate "2005.10.16"]
[SourceDate "2005.10.17"]

1. d4 Nf6 2. Nf3 d5 3. c4 c6 4. cxd5 cxd5 5. Nc3 Nc6 6. Bf4 Bf5 7. e3 e6 8. Be2
Be7 9. O-O Nd7 10. Nb5 O-O 11. Bc7 Qc8 12. Bg3 Rd8 13. Rc1 a6 14. Nd6 Bxd6 15.
Bxd6 Nf6 16. Be5 h6 17. Bxf6 gxf6 18. Nd2 Rd7 19. Nb3 b6 20. Qd2 Qb7 21. f3 Kg7
22. e4 Bg6 23. Qf4 e5 24. Qg3 Kh7 25. exd5 Nxd4 26. Nxd4 exd4 27. Bc4 Rc8 28.
Qf2 Rdc7 29. Bxa6 Qxa6 30. Rxc7 Rxc7 31. Qxd4 b5 32. f4 Bf5 33. Qb4 Qb6+ 34.
Kh1 Qc5 35. Qd2 Rd7 36. Rd1 Bc2 37. Rc1 Rxd5 38. Qe1 Qd6 39. Rxc2 Rd1 40. Re2
Qd2 0-1

[Event "Mittelfrankenliga 05/06 (B1)"]
[Site "Mfr.2005/06-R1"]
[Date "2005.10.16"]
[Round "1.1"]
[White "Schroll, Ralph,Dr."]
[Black "Herning, Jens"]
[Result "1-0"]
[WhiteElo "2198"]
[BlackElo "2026"]
[Annotator "Büchenbach/Rh.1-Schwanstetten 1"]
[PlyCount "79"]
[EventDate "2005.10.16"]
[SourceDate "2005.10.17"]

1. d4 d5 2. c4 c6 3. Nf3 Nf6 4. Nc3 e6 5. Bg5 h6 6. Bh4 dxc4 7. e4 g5 8. Bg3 b5
9. e5 Nd5 10. Nd2 Qa5 11. Nde4 Nd7 12. Be2 Ba6 13. O-O O-O-O 14. a3 Qb6 15. Bh5
Rh7 16. Qc2 Rg7 17. Rfd1 Bb7 18. b3 cxb3 19. Qxb3 Kb8 20. a4 Nxc3 21. Nxc3 a6
22. Ne4 Qc7 23. Rac1 Nb6 24. axb5 axb5 25. Nd6 Qd7 26. Bf3 Bxd6 27. exd6 g4 28.
Be2 Nd5 29. Ra1 f5 30. Be5 Rgg8 31. Qa3 Rdf8 32. Rdc1 Kc8 33. Bxb5 Kd8 34. Bc4
Ke8 35. Bxd5 exd5 36. Qe3 Qe6 37. Ra7 Rf7 38. Qa3 Rd7 39. Rxb7 Rxb7 40. Qa8+
1-0

[Event "Mittelfrankenliga 05/06 (B1)"]
[Site "Mfr.2005/06-R1"]
[Date "2005.10.16"]
[Round "1.3"]
[White "Manthey, Frank"]
[Black "Haeckler, Daniel"]
[Result "1-0"]
[WhiteElo "2018"]
[BlackElo "2039"]
[Annotator "Büchenbach/Rh.1-Schwanstetten 1"]
[PlyCount "61"]
[EventDate "2005.10.16"]
[SourceDate "2005.10.17"]

1. e4 d5 2. exd5 Qxd5 3. Nc3 Qa5 4. Bc4 Nf6 5. d3 c6 6. Bd2 Qc7 7. Qe2 Bf5 8.
Nf3 Nbd7 9. O-O-O Bg6 10. Nh4 e6 11. Nxg6 hxg6 12. f4 O-O-O 13. Ne4 Nd5 14. g3
N7b6 15. Bb3 c5 16. Ng5 Kb8 17. a3 Bd6 18. Ba5 Rd7 19. Kb1 Qc6 20. c4 Nf6 21.
Nf3 Nh5 22. Rc1 Rc8 23. Rhd1 Nf6 24. Ka2 Na8 25. d4 Qa6 26. Bc3 cxd4 27. Bxd4
Rcd8 28. Qc2 b6 29. Ba4 Rc7 30. Be5 Ne8 31. Bxe8 1-0

[Event "Mittelfrankenliga 05/06 (B1)"]
[Site "Mfr.2005/06-R1"]
[Date "2005.10.16"]
[Round "1.4"]
[White "Kirch, Dietmar"]
[Black "Arlt, Michael"]
[Result "0-1"]
[WhiteElo "2035"]
[BlackElo "1944"]
[Annotator "Büchenbach/Rh.1-Schwanstetten 1"]
[PlyCount "50"]
[EventDate "2005.10.16"]
[SourceDate "2005.10.17"]

1. d4 Nf6 2. Nf3 e6 3. c4 b6 4. a3 Bb7 5. Nc3 Be7 6. Bg5 d5 7. e3 Nbd7 8. Bd3
dxc4 9. Bxc4 O-O 10. O-O c5 11. Qe2 a6 12. Rfd1 b5 13. Ba2 b4 14. axb4 cxb4 15.
Nb1 Qb6 16. Nbd2 a5 17. Ne5 Nxe5 18. dxe5 Nd5 19. Bxd5 Bxg5 20. Nc4 Qc7 21.
Bxb7 Qxb7 22. Nxa5 Qa6 23. Qg4 Be7 24. Qe4 Rfd8 25. Nb3 Qxa1 0-1

[Event "Mittelfrankenliga 05/06 (B1)"]
[Site "Mfr.2005/06-R1"]
[Date "2005.10.16"]
[Round "1.5"]
[White "Cipra, Lothar"]
[Black "Braun, Robert[74]"]
[Result "1/2-1/2"]
[WhiteElo "1908"]
[BlackElo "1960"]
[Annotator "Büchenbach/Rh.1-Schwanstetten 1"]
[PlyCount "28"]
[EventDate "2005.10.16"]
[SourceDate "2005.10.17"]

1. d4 b6 2. c4 Bb7 3. Nc3 e6 4. a3 Nf6 5. e3 Be7 6. Nf3 O-O 7. Bd3 d5 8. cxd5
exd5 9. b4 c5 10. bxc5 bxc5 11. dxc5 Bxc5 12. O-O Nc6 13. Ne2 Qe7 14. Ned4 Nxd4
1/2-1/2

[Event "Mittelfrankenliga 05/06 (B1)"]
[Site "Mfr.2005/06-R1"]
[Date "2005.10.16"]
[Round "1.6"]
[White "Schoenberger, Andreas"]
[Black "Vogt, Peter[62]"]
[Result "0-1"]
[WhiteElo "1965"]
[BlackElo "1870"]
[Annotator "Büchenbach/Rh.1-Schwanstetten 1"]
[PlyCount "76"]
[EventDate "2005.10.16"]
[SourceDate "2005.10.17"]

1. e4 c5 2. Nf3 d6 3. d4 cxd4 4. Nxd4 Nf6 5. Nc3 a6 6. Be2 e5 7. Nb3 Be7 8. O-O
O-O 9. f4 b5 10. Bf3 Bb7 11. Nd5 Nxd5 12. exd5 Nd7 13. fxe5 Nxe5 14. Be4 Bf6
15. Nd4 Rc8 16. Bf4 Rc4 17. c3 Re8 18. Rc1 g6 19. Bxe5 Bxe5 20. Qf3 Bxd4+ 21.
cxd4 Rc7 22. Rc2 Rce7 23. Bd3 Qb6 24. Qf6 Bxd5 25. Rcf2 Bxa2 26. h4 h5 27. Bxg6
fxg6 28. Qxg6+ Kh8 29. Qxh5+ Kg7 30. Qg5+ Kh7 31. Qf5+ Kg7 32. Qf6+ Kg8 33.
Qg6+ Kh8 34. Qf6+ Kg8 35. Rf5 Rg7 36. Rg5 Qc7 37. Rff5 Re6 38. Qf8+ Kh7 0-1

[Event "Mittelfrankenliga 05/06 (B1)"]
[Site "Mfr.2005/06-R1"]
[Date "2005.10.16"]
[Round "1.7"]
[White "Kotissek, Ulrich"]
[Black "Vasilache, Catalin"]
[Result "0-1"]
[WhiteElo "1884"]
[BlackElo "1912"]
[Annotator "Büchenbach/Rh.1-Schwanstetten 1"]
[PlyCount "56"]
[EventDate "2005.10.16"]
[SourceDate "2005.10.17"]

1. d4 d5 2. Nf3 Nf6 3. g3 b6 4. Bg2 Bb7 5. O-O e6 6. Bf4 Be7 7. Nbd2 O-O 8. Ne5
Nbd7 9. Ndf3 c5 10. c3 Ne4 11. Nxd7 Qxd7 12. Ne5 Qb5 13. Rb1 f6 14. Nd3 Rac8
15. f3 Nd6 16. a4 Qd7 17. Bxd6 Bxd6 18. e4 cxd4 19. cxd4 Rc4 20. Nf4 Rxd4 21.
Qe1 Bc5 22. Kh1 dxe4 23. fxe4 Rd8 24. b4 Be7 25. a5 Rd2 26. Rf2 Rd1 27. Rxd1
Qxd1 28. Re2 Bxb4 0-1

[Event "Mittelfrankenliga 05/06 (B1)"]
[Site "Mfr.2005/06-R1"]
[Date "2005.10.16"]
[Round "1.8"]
[White "Mueller, Maximilian[58]"]
[Black "Boehm, Alfred"]
[Result "1/2-1/2"]
[WhiteElo "1835"]
[BlackElo "1647"]
[Annotator "Büchenbach/Rh.1-Schwanstetten 1"]
[PlyCount "38"]
[EventDate "2005.10.16"]
[SourceDate "2005.10.17"]

1. e4 c5 2. Nf3 Nc6 3. d4 cxd4 4. Nxd4 Nf6 5. Nc3 a6 6. Be2 e6 7. Bf3 Qc7 8.
O-O Ne5 9. Bg5 Be7 10. Be2 d6 11. f4 Nc4 12. Bxc4 Qxc4 13. Qd3 Qxd3 14. cxd3
Nd7 15. Bxe7 Kxe7 16. b4 Nb8 17. f5 Bd7 18. fxe6 fxe6 19. Rf2 Nc6 1/2-1/2

[Event "Mittelfrankenliga 05/06 (B2a)"]
[Site "Mfr.2005/06-R1"]
[Date "2005.10.16"]
[Round "1.1"]
[White "Haubold, Martin"]
[Black "Auer, Guenther"]
[Result "0-1"]
[WhiteElo "2008"]
[BlackElo "2009"]
[Annotator "Altensittenbach2-Forchheim3"]
[PlyCount "60"]
[EventDate "2005.10.16"]
[SourceDate "2005.10.17"]

1. d4 Nf6 2. Bg5 e6 3. e4 c6 4. Bxf6 Qxf6 5. Nf3 d6 6. c3 Nd7 7. Nbd2 g6 8. Qc2
Bg7 9. Bc4 O-O 10. g4 Nb6 11. Bd3 e5 12. dxe5 dxe5 13. Rg1 Qf4 14. h3 Be6 15.
O-O-O Rfd8 16. Kb1 Na4 17. Rg3 Nc5 18. Nf1 Nxd3 19. Rxd3 Bc4 20. Rd1 Rxd1+ 21.
Qxd1 Qxe4+ 22. Ka1 Qe2 23. Qxe2 Bxe2 24. Ne3 Rd8 25. Kb1 e4 26. Ne1 Ba6 27. f4
exf3 28. Nxf3 Rd3 29. Ne1 Be5 30. Nxd3 Bxd3+ 0-1

[Event "Mittelfrankenliga 05/06 (B2a)"]
[Site "Mfr.2005/06-R1"]
[Date "2005.10.16"]
[Round "1.2"]
[White "Roesel, Gert"]
[Black "Balle, Alfred"]
[Result "1/2-1/2"]
[WhiteElo "1889"]
[BlackElo "1911"]
[Annotator "Altensittenbach2-Forchheim3"]
[PlyCount "92"]
[EventDate "2005.10.16"]
[SourceDate "2005.10.17"]

1. e4 c5 2. Nf3 e6 3. d4 cxd4 4. Nxd4 a6 5. Nc3 Bc5 6. Be3 Qc7 7. Qd2 Nf6 8.
Be2 b5 9. Bf3 Bb7 10. Nb3 Bb4 11. Qd3 Nc6 12. O-O Ne5 13. Qd4 Nxf3+ 14. gxf3
Bd6 15. h3 Be5 16. Qc5 Qxc5 17. Bxc5 d5 18. exd5 Bxd5 19. Nxd5 Nxd5 20. c3 Nf4
21. Rad1 Nxh3+ 22. Kg2 Nf4+ 23. Kg1 Nd5 24. Rfe1 f6 25. Rxd5 exd5 26. f4 Kd7
27. fxe5 Rhe8 28. f4 Rac8 29. Bd4 fxe5 30. fxe5 Rc6 31. Re2 Rg6+ 32. Rg2 Rxg2+
33. Kxg2 Kc6 34. Nc5 a5 35. Nd3 g5 36. b4 a4 37. Nc5 h6 38. Kg3 Rf8 39. e6 h5
40. Bg7 Rg8 41. e7 Rc8 42. Bf6 Rg8 43. Ne6 Kd7 44. Ng7 Rxg7 45. Bxg7 Kxe7 46.
Kh3 Ke6 1/2-1/2

[Event "Mittelfrankenliga 05/06 (B2a)"]
[Site "Mfr.2005/06-R1"]
[Date "2005.10.16"]
[Round "1.3"]
[White "Foerstel, Stefan"]
[Black "Endres, Christian"]
[Result "1-0"]
[WhiteElo "1823"]
[BlackElo "1718"]
[Annotator "Altensittenbach2-Forchheim3"]
[PlyCount "43"]
[EventDate "2005.10.16"]
[SourceDate "2005.10.17"]

1. e4 c5 2. Nf3 Nc6 3. d4 cxd4 4. Nxd4 Nf6 5. Nc3 e5 6. Nf3 Bb4 7. Bd3 d5 8.
Bg5 d4 9. a3 Ba5 10. b4 Nxb4 11. axb4 Bxb4 12. O-O Bxc3 13. Rb1 Qd6 14. Bxf6
gxf6 15. Bb5+ Ke7 16. Qd3 a6 17. Bc4 Be6 18. Rxb7+ Kf8 19. Rfb1 a5 20. Bxe6
fxe6 21. R1b6 Qd8 22. Ng5 1-0

[Event "Mittelfrankenliga 05/06 (B2a)"]
[Site "Mfr.2005/06-R1"]
[Date "2005.10.16"]
[Round "1.4"]
[White "Ammon, Tobias"]
[Black "Radeck, Jochen,Dr."]
[Result "1-0"]
[WhiteElo "1691"]
[BlackElo "1891"]
[Annotator "Altensittenbach2-Forchheim3"]
[PlyCount "73"]
[EventDate "2005.10.16"]
[SourceDate "2005.10.17"]

1. c4 c6 2. Nf3 Nf6 3. g3 g6 4. Bg2 Bg7 5. O-O O-O 6. d3 d5 7. Na3 Re8 8. Rb1
e5 9. b4 a6 10. Qc2 Bf5 11. cxd5 cxd5 12. Nh4 Be6 13. b5 a5 14. Bd2 b6 15. Rfc1
Bf8 16. Qb2 Qe7 17. Nc2 Nbd7 18. d4 e4 19. Ne3 Rac8 20. Rc6 Ng4 21. Bf1 Nxe3
22. Bxe3 Qd8 23. Rbc1 Nf6 24. Bf4 Rxc6 25. bxc6 Bb4 26. Ng2 Qe7 27. Rb1 Bc8 28.
Bg5 Qd6 29. Bxf6 Qxf6 30. a3 Bf8 31. Qxb6 Re6 32. Qxa5 Qxd4 33. Qa8 Re8 34. Rb8
Qc5 35. Rxc8 Rxc8 36. Qxc8 Qxa3 37. c7 1-0

[Event "Mittelfrankenliga 05/06 (B2a)"]
[Site "Mfr.2005/06-R1"]
[Date "2005.10.16"]
[Round "1.5"]
[White "Gueldner, Udo"]
[Black "Walter, Bernd[75]"]
[Result "1-0"]
[WhiteElo "1773"]
[BlackElo "1675"]
[Annotator "Altensittenbach2-Forchheim3"]
[PlyCount "49"]
[EventDate "2005.10.16"]
[SourceDate "2005.10.17"]

1. d4 d5 2. Nf3 Nf6 3. e3 e6 4. Bd3 Nbd7 5. Nbd2 Be7 6. O-O O-O 7. e4 dxe4 8.
Nxe4 Nxe4 9. Bxe4 Nf6 10. Bd3 b6 11. Re1 Bb7 12. c3 Qd6 13. Bg5 Rfd8 14. Bxf6
Bxf6 15. Ne5 c5 16. Bxh7+ Kf8 17. Qh5 Bxe5 18. dxe5 Qd2 19. Rab1 g6 20. Bxg6
fxg6 21. Qxg6 Bd5 22. Re3 Bc6 23. Qf6+ Ke8 24. Qxe6+ Kf8 25. Qf6+ 1-0

[Event "Mittelfrankenliga 05/06 (B2a)"]
[Site "Mfr.2005/06-R1"]
[Date "2005.10.16"]
[Round "1.6"]
[White "Schoemig, Anton"]
[Black "Walter, Eugen[58]"]
[Result "0-1"]
[WhiteElo "1866"]
[BlackElo "1798"]
[Annotator "Altensittenbach2-Forchheim3"]
[PlyCount "72"]
[EventDate "2005.10.16"]
[SourceDate "2005.10.17"]

1. d4 f5 2. e4 fxe4 3. Nc3 Nf6 4. Bg5 Nc6 5. d5 Ne5 6. Qd4 Nf7 7. Bxf6 exf6 8.
Qxe4+ Be7 9. Nf3 O-O 10. Bd3 g6 11. O-O-O f5 12. Qa4 Bf6 13. Qb3 Kg7 14. h4 d6
15. g3 c5 16. Bf1 Bd7 17. Ne2 b5 18. c3 Ne5 19. Nxe5 dxe5 20. c4 a6 21. Nc3 b4
22. Nb1 Qa5 23. Qe3 e4 24. a3 Rab8 25. Rd2 bxa3 26. Qxa3 Qb4 27. Be2 Bd4 28.
Qxb4 Rxb4 29. Bd1 e3 30. Re2 exf2 31. b3 Re8 32. Nd2 Rxe2 33. Bxe2 Be3 34. Bd1
f4 35. gxf4 Bxf4 36. Kb2 Bxd2 0-1

[Event "Mittelfrankenliga 05/06 (B2a)"]
[Site "Mfr.2005/06-R1"]
[Date "2005.10.16"]
[Round "1.7"]
[White "Schwab, Edgar"]
[Black "Churt, Kerstin,Dr."]
[Result "1-0"]
[WhiteElo "1866"]
[BlackElo "1787"]
[Annotator "Altensittenbach2-Forchheim3"]
[PlyCount "67"]
[EventDate "2005.10.16"]
[SourceDate "2005.10.17"]

1. Nf3 c5 2. c4 Nc6 3. g3 Nf6 4. Bg2 e6 5. O-O d5 6. cxd5 exd5 7. d4 c4 8. Nc3
Be7 9. b3 O-O 10. bxc4 dxc4 11. d5 Nb4 12. Ne5 Qc7 13. Bf4 Nh5 14. a3 Nxf4 15.
gxf4 Na6 16. Qd4 Bf6 17. Ne4 Qd8 18. Qxc4 Bf5 19. Nxf6+ Qxf6 20. e4 Rac8 21.
Qe2 Bg6 22. Nd7 Qxf4 23. Nxf8 Rxf8 24. Rac1 Re8 25. Rfe1 h5 26. Qe3 Qg4 27. f3
Qh4 28. Qxa7 Kh7 29. Qxb7 Nc5 30. Qb5 Rc8 31. Red1 Nxe4 32. fxe4 Bxe4 33. Bxe4+
Qxe4 34. Qb1 1-0

[Event "Mittelfrankenliga 05/06 (B2a)"]
[Site "Mfr.2005/06-R1"]
[Date "2005.10.16"]
[Round "1.8"]
[White "Preisser, Reinhard"]
[Black "Geier, Erhard"]
[Result "0-1"]
[WhiteElo "1773"]
[BlackElo "1733"]
[Annotator "Altensittenbach2-Forchheim3"]
[PlyCount "94"]
[EventDate "2005.10.16"]
[SourceDate "2005.10.17"]

1. e4 d5 2. exd5 Nf6 3. Nc3 Nxd5 4. Nxd5 Qxd5 5. Qf3 Be6 6. c4 Qe5+ 7. Qe3 Qa5
8. Qc3 Nc6 9. Qxa5 Nxa5 10. b3 O-O-O 11. Bb2 Nc6 12. Bc3 Bf5 13. Nf3 f6 14. Be2
e5 15. O-O Bc5 16. Nh4 Bc2 17. Bg4+ Kb8 18. Bf5 Bd3 19. Bxd3 Rxd3 20. Nf3 Rhd8
21. Ne1 R3d7 22. a3 Bd4 23. Nf3 e4 24. Nxd4 Nxd4 25. Bxd4 Rxd4 26. Rfe1 f5 27.
Red1 Rxd2 28. Rxd2 Rxd2 29. Kf1 Kc8 30. Ke1 Rb2 31. b4 Rb3 32. c5 Kd7 33. Ke2
Ke6 34. Ra2 f4 35. f3 e3 36. g3 g5 37. gxf4 gxf4 38. h3 Rb1 39. c6 bxc6 40. Rc2
Kd5 41. Rc5+ Kd4 42. Rxc6 Rb2+ 43. Kd1 Kd3 44. Kc1 Rf2 45. Rxc7 Rf1+ 46. Kb2 e2
47. Rc3+ Kd4 0-1

[Event "Mittelfrankenliga 05/06 (B2a)"]
[Site "Mfr.2005/06-R1"]
[Date "2005.10.16"]
[Round "1.1"]
[White "Regnat, Markus"]
[Black "Lausen, Berthold,Dr."]
[Result "1-0"]
[WhiteElo "2042"]
[BlackElo "1960"]
[Annotator "SG/TB Erlangen2-Neumarkt1"]
[PlyCount "85"]
[EventDate "2005.10.16"]
[SourceDate "2005.10.17"]

1. e4 c6 2. d4 d5 3. exd5 cxd5 4. Bd3 Nc6 5. c3 Qc7 6. Bg5 Nf6 7. h3 Ne4 8.
Bxe4 dxe4 9. Nd2 Bf5 10. Ne2 Bg6 11. Nf4 f6 12. Nxg6 hxg6 13. Be3 f5 14. g3
O-O-O 15. Qb3 e5 16. Qe6+ Qd7 17. Qxd7+ Rxd7 18. Nb3 exd4 19. Bxd4 Nxd4 20.
Nxd4 Bc5 21. Nb3 Bb6 22. h4 Rhd8 23. Ke2 Rd3 24. Rac1 a5 25. a4 f4 26. gxf4 Rf3
27. Nd4 Rxf4 28. Rh2 Rd6 29. h5 g5 30. Rg2 Bd8 31. Rg3 Rb6 32. Nb5 e3 33. Rxe3
Rxa4 34. Re5 Ra2 35. Rb1 Ra4 36. Rd1 Rf4 37. c4 Rf8 38. b3 Rbf6 39. Nd6+ Kb8
40. Ne4 Rb6 41. Nc5 Bc7 42. Nd7+ Ka7 43. Rxa5+ 1-0